LDR 00844naa#a2200169#i#450# 001 RU\INFRA-M\bibl\122735 005 20260513160623.3 011 ## _a2587-9103 100 ## _a20260430b2026####ek#y0rusy0150####ca 102 ## _aRU 200 1# _aМультимедийные проекты музеев как инструмент развития корпоративной идентичности российских организаций _eЖурнальная статья 210 1# _aМосква _cОбщество с ограниченной ответственностью «Научно-издательский центр ИНФРА-М» _d2026 215 ## _a10 с. 608 ## _aЖурнальная статья _2local 675 ## _aЛингвистика. Языкознание. Языки. 81 _z 700 #1 _aПряхина _gА. В. 856 4# _anaukaru.ru _u